| 000 | 01387nam2a22002411 4500 | ||
|---|---|---|---|
| 001 | rc\574970 | ||
| 005 | 20250621231223.0 | ||
| 035 | _a(NLR Aleph) 005970705 | ||
| 090 |
_a6932662 _c6932662 |
||
| 100 | _a20031121d1988 |||y0rusy50 ca | ||
| 101 | 0 | _arus | |
| 102 | _aRU | ||
| 105 | _ay ||||||||| | ||
| 200 | 0 | _aЧ. 1 | |
| 210 |
_d1988 _aБ. м. |
||
| 215 | _a183, [4] с. | ||
| 320 | _aБиблиогр.: с. 185 (8 назв.) | ||
| 461 | 0 |
_1001rc\574969 _12001#$aУправление социальными процессами$eМетод. рекомендации по орг. и проведению социол. исслед. на предприятиях М-ва атом. энергетики СССР$f... Упр. орг. труда, заработной платы и социал. развития и др.$g[Разраб. Масловой А.Г. и др.]$vЧ. 1 _96932656 _cМ. _d1988- _f... Упр. орг. труда, заработной платы и социал. развития и др. _nБ. и. _oМетод. рекомендации по орг. и проведению социол. исслед. на предприятиях М-ва атом. энергетики СССР _tУправление социальными процессами _vЧ. 1 |
|
| 801 | 0 |
_aRU _bNLR _gpsbo |
|
| 801 | 1 |
_aRU _bELAR _2rusmarc |
|
| 852 |
_aNLR _j88-3/12555 |
||
| 942 | _cBOOK | ||
| 980 | _aNB | ||